Normal view
MARC view
- Sunzi,
Entry Personal Name
001 - CONTROL NUMBER
- control field: 7234
003 - CONTROL NUMBER IDENTIFIER
- control field: NUST
005 - DATE AND TIME OF LATEST TRANSACTION
- control field: 20171213163845.0
008 - FIXED-LENGTH DATA ELEMENTS
- fixed length control field: 171213|| aca||aabn | a|a d
040 ## - CATALOGING SOURCE
- Original cataloging agency: NUST
- Transcribing agency: NUST
100 ## - HEADING--PERSONAL NAME
- Personal name: Sunzi,
- Dates associated with a name: active 6th century B.C.
670 ## - SOURCE DATA FOUND
- Source citation: Work cat.: (NUST)0: Sunzi, active 6th century B.C., The art of war =, 1994.
